największe miasta zachodniopomorskiego - Statystyki

Ogólne statystyki
  • Ten quiz został rozwiązany 164 razy
  • Średni wynik to 15 z 26
Statystyki odpowiedzi
ranking ludność miasto % Poprawnych
1 402 465 szczecin
99%
2 107 321 koszalin
92%
4 46 367 kołobrzeg
89%
5 40 910 świnoujście
89%
3 67 938 stargard
81%
6 40 114 szczecinek
74%
7 32 685 police
72%
8 25 359 wałcz
62%
10 22 403 goleniów
61%
13 16 527 gryfice
61%
11 21 274 gryfino
58%
9 24 339 białogard
56%
22 11 657 drawsko pomorskie
55%
26 8 846 kamień pomorski
53%
23 11 274 myślibórz
50%
20 12 617 pyrzyce
46%
21 12 528 sławno
46%
15 15 248 choszczno
45%
18 13 759 darłowo
45%
12 16 671 nowogard
44%
24 10 241 łobez
43%
14 15 594 świdwin
40%
17 13 803 barlinek
37%
25 10 009 trzebiatów
33%
19 12 950 złocieniec
33%
16 13 843 dębno
26%
Nie znaleziono quizów pasujących do podanych kryteriów
Rozkład punktacji
Procent ludzi z każdym wynikiem
Percentyl według liczby udzielonych odpowiedzi
Twoja historia wyników
Nie rozwiązałeś tego quizu